Historias de clínica quirúrgica (segundo curso) / (Record no. 155493)
[ view plain ]
| 000 -LEADER | |
|---|---|
| campo de control de longitud fija | 01006nam a22002295i 4500 |
| 001 - NÚMERO DE CONTROL | |
| campo de control | 155493 |
| 003 - IDENTIFICADOR DE NÚMERO DE CONTROL | |
| campo de control | ES-MaACL |
| 005 - FECHA Y HORA DE LA ÚLTIMA TRANSACCIÓN | |
| campo de control | 20251015145326.0 |
| 008 - DATOS DE LONGITUD FIJA--INFORMACIÓN GENERAL | |
| campo de control de longitud fija | 050920s1880 sp | |||||||| ||spa d |
| 245 00 - MENCIÓN DEL TÍTULO | |
| Título | Historias de clínica quirúrgica (segundo curso) / |
| Mención de responsabilidad, etc. | revisadas por Juan Creus y Manso ; publicadas por Manuel Tapia y Juan Azúa. |
| 260 ## - PUBLICACIÓN, DISTRIBUCIÓN, ETC. | |
| Lugar de publicación, distribución, etc. | Madrid : |
| Nombre del editor, distribuidor, etc. | [s.n.], |
| Fecha de publicación, distribución, etc. | 1880 ( |
| Fabricante | Imp. de Enrique Teodoro) |
| 300 ## - DESCRIPCIÓN FÍSICA | |
| Extensión | 205 p. ; |
| Dimensiones | 22 cm. |
| 594 ## - Nota al título y mención de responsabilidad | |
| Nota al título y mención de responsabilidad | Precede al tit.: Facultad de Medicina de Madrid. Curso de 1879 á 1880. |
| 650 #4 - PUNTO DE ACCESO ADICIONAL DE MATERIA--TÉRMINO DE MATERIA | |
| Término de materia o nombre geográfico como elemento de entrada | Cirugía- |
| Subdivisión de forma | Casos clínicos. |
| 9 (RLIN) | 139190 |
| 700 1# - ENTRADA AGREGADA--NOMBRE PERSONAL | |
| Nombre de persona | Tapia y Serrano, Manuel. |
| 9 (RLIN) | 109246 |
| 700 1# - ENTRADA AGREGADA--NOMBRE PERSONAL | |
| Nombre de persona | Creus y Manso, Juan. |
| 9 (RLIN) | 41578 |
| 700 1# - ENTRADA AGREGADA--NOMBRE PERSONAL | |
| Nombre de persona | Azúa y Suárez, Juan de, |
| Fechas asociadas al nombre | 1858-1922 |
| 9 (RLIN) | 141521 |
| 852 4# - LOCALIZACIÓN | |
| Ubicación | ES-MaACL |
| Número de control de estantería | G-15437(3) |
| Nota libre | - Enc. hol. |
| 852 4# - LOCALIZACIÓN | |
| Ubicación | ES-MaACL |
| Número de control de estantería | T-424-F-15 |
| Nota libre | - Sólo 2º cuaderno, p. 83-205 |
| 852 ## - LOCALIZACIÓN | |
| Ubicación | ES-MaACL |
| Número de control de estantería | T-432-F-15 |
| condición física | .- Solo pág. 1-73 |
| Nota libre | .- Dedicatoria autógrafa de Manuel Tapia a Gustavo Saenz Diez |
| Estatus retirado | Estado de pérdida | Estado de daño | No para préstamo | Colección | Biblioteca de origen | Biblioteca actual | Ubicación en estantería | Fecha de adquisición | Fuente de adquisición | Total de préstamos | Signatura topográfica completa | Código de barras | Visto por última vez | Precio de reemplazo | Tipo de ítem Koha |
|---|---|---|---|---|---|---|---|---|---|---|---|---|---|---|---|
| Colección de folletos | Biblioteca del Ateneo de Madrid | Biblioteca del Ateneo de Madrid | Depósito folletos | 05/11/2009 | T-424-F-15 | 1181667 | 23/02/2023 | 23/02/2023 | Folleto | ||||||
| Colección de folletos | Biblioteca del Ateneo de Madrid | Biblioteca del Ateneo de Madrid | Depósito folletos | 07/05/2010 | T-432-F-15 | 1183272 | 23/02/2023 | 23/02/2023 | Folleto | ||||||
| Libros del s. XIX | Biblioteca del Ateneo de Madrid | Biblioteca del Ateneo de Madrid | Sala Pecera Planta 3 | 17/01/2008 | G-15437(3) | 1162650 | 23/02/2023 | 23/02/2023 | Libro impreso antiguo |
